Arthashastra : the science of wealth (Record no. 287260)

MARC details
000 -LEADER
fixed length control field 00438nam a2200157Ia 4500
005 - DATE AND TIME OF LATEST TRANSACTION
control field 20241107100956.0
008 - FIXED-LENGTH DATA ELEMENTS--GENERAL INFORMATION
fixed length control field 240126s9999 xx 000 0 und d
020 ## - INTERNATIONAL STANDARD BOOK NUMBER
International Standard Book Number 9780143426189
082 ## - DEWEY DECIMAL CLASSIFICATION NUMBER
Classification number 330.0954 TRA;1 R
100 ## - MAIN ENTRY--PERSONAL NAME
Personal name Trautmann, Thomas R.
245 #0 - TITLE STATEMENT
Title Arthashastra : the science of wealth
260 ## - PUBLICATION, DISTRIBUTION, ETC. (IMPRINT)
Name of publisher, distributor, etc. Penguin Random House
Place of publication, distribution, etc. Haryana
Date of publication, distribution, etc. 2012
300 ## - PHYSICAL DESCRIPTION
Extent xxvi, 180
440 ## - SERIES STATEMENT/ADDED ENTRY--TITLE
Title The stories of Indian business
942 ## - ADDED ENTRY ELEMENTS (KOHA)
Koha item type PESU Books
Holdings
Date last seen Total Checkouts Full call number Accession number Volume/Issue Number Date checked out Cost, replacement price Price effective from Category Lost status Damaged status Department Withdrawn status bill no. Permanent Location Current Location Shelving location Entry date Vendor Cost, normal purchase price Grants Currency symbol Conversion rate Discount Discount type
14/11/2025 1 330.0954 TRA;1 R PU9756 (04/07/1905) 31/10/2025 201.53 26/01/2024 PESU Books     MBA   90277 Central Library RFID Kiosk MBA 26/04/2019 Book Paradise 279.90 MBA RS 1 78.372 Rupees

© For any Suggestions or Query, please contact the library staff @ librarian@pes.edu or Phone: +9180 2672 1983/ 2108.